| 000 | 01344nam a2200253Ia 4500 | ||
|---|---|---|---|
| 999 |
_c53026 _d53026 |
||
| 001 | 20060 | ||
| 003 | GE_BSU | ||
| 005 | 20250417153211.0 | ||
| 008 | 181216s2009||||ge |||||||||||||| ||geo|| | ||
| 020 | _a978-9941-14-171-3(პირველი ნაწილი) | ||
| 040 | _cGE_BSU | ||
| 041 | _ageo | ||
| 080 | _a51(075.4)+51(076.1) მ-15 | ||
| 245 |
_aმათემატიკა. ნაწ. 1, (თეორია და ამოცანათა კრებული) / _cს. თოფურია, ვ. ხოჭოლავა, ნ. მაჭარაშვილი [და სხვ.] |
||
| 250 | _aმე-5 გადამუშავებული გამოცემა | ||
| 264 |
_aთბილისი : _bტექნიკური უნივერსიტეტი, _c2009. |
||
| 300 |
_a440 გვ. ; _c21 სმ. |
||
| 541 | _h6 ლ. | ||
| 653 | _aმათემატიკა : [დამხმარე სახელმძღვანელო უმაღლ. სასწავლებლებში შემსვლელთათვის] | ||
| 700 |
_aთოფურია, ს. _eავტორი _924869 |
||
| 700 |
_a ხოჭოლავა, ვ _eავტორი _924870 |
||
| 700 |
_aმაჭარაშვილი, ნ. _eავტორი _91495 |
||
| 942 |
_cBK _2udc |
||